LEADER 02591nam 2200613Ia 450 001 9910449722503321 005 20200520144314.0 010 $a0-19-028126-X 010 $a1-4237-3805-5 010 $a0-19-802051-1 010 $a1-280-43917-3 010 $a1-60129-578-2 035 $a(CKB)1000000000028487 035 $a(EBL)253386 035 $a(OCoLC)437160811 035 $a(SSID)ssj0000128186 035 $a(PQKBManifestationID)11152357 035 $a(PQKBTitleCode)TC0000128186 035 $a(PQKBWorkID)10064022 035 $a(PQKB)11412068 035 $a(MiAaPQ)EBC253386 035 $a(Au-PeEL)EBL253386 035 $a(CaPaEBR)ebr10087160 035 $a(CaONFJC)MIL43917 035 $a(EXLCZ)991000000000028487 100 $a19830811d1984 uy 0 101 0 $aeng 135 $aur|n|---||||| 181 $ctxt 182 $cc 183 $acr 200 10$aConcepts in film theory$b[electronic resource] /$fDudley Andrew 210 $aOxford ;$aNew York $cOxford University Press$d1984 215 $a1 online resource (254 p.) 300 $aDescription based upon print version of record. 311 $a0-19-503394-9 311 $a0-19-503428-7 320 $aIncludes bibliography: p. 212-229 and index. 327 $aContents; 1 The State of Film Theory; 2 Perception; 3 Representation; 4 Signification; 5 Narrative Structure; 6 Adaptation; 7 Valuation (of Genres and Auteurs); 8 Identification; 9 Figuration; 10 Interpretation; Notes; Appendix: Classified Bibliography; Index 330 $aA remarkable continuation of Dudley Andrew's classic, The Major Film Theories, this work focuses on the key concepts in film study: perception, representation, signification, narrative structure, adaptation, evaluation, identification, figuration, and interpretation. Beginning with a lucid introductory chapter on the current state of film theory, Andrew goes on to build an overall view of film, presenting his own ideas on each concept, and giving a sense of the interdependence of these concepts. By providing lively explanations of theories that involve perceptual psychology and structuralism, 606 $aMotion pictures$xPhilosophy 606 $aCinematography 608 $aElectronic books. 615 0$aMotion pictures$xPhilosophy. 615 0$aCinematography. 676 $a791.43/01 700 $aAndrew$b Dudley$f1945-$0532928 801 0$bMiAaPQ 801 1$bMiAaPQ 801 2$bMiAaPQ 906 $aBOOK 912 $a9910449722503321 996 $aConcepts in Film Theory$91732089 997 $aUNINA LEADER 00654nam0-2200241 --450 001 9910598396903321 005 20221026142519.0 100 $a20221026d1924----kmuy0itay5050 ba 101 0 $aeng 102 $aGB 105 $a 001yy 200 1 $aAir power and war rights$fby J. M. Spaight 210 $aLondon [etc.]$cLongmans, Green$d1924 215 $aIX, 493 p.$d22 cm. 676 $a358.400904$v20$zita 700 1$aSpaight,$bJ.-M.$01261838 801 0$aIT$bUNINA$gREICAT$2UNIMARC 901 $aBK 912 $a9910598396903321 952 $aX D 40$b14839$fFGBC 959 $aFGBC 996 $aAir power and war rights$92943994 997 $aUNINA